000 01056cam a2200265 a 4500
001 2069978
003 OSt
005 20241031100952.0
008 940817s1995 nyua b 001 0 eng
020 _a1566621925
040 _cCentral University Library
050 0 0 _aKF2993
_b.B76 1995
082 0 0 _a346.7304/82
_a347.306482
_220
100 1 _aBrown, Ralph S.
_q(Ralph Sharp),
_d1913-1998.
245 1 0 _aCases on copyright, unfair competition, and other topics bearing on the protection of literary, musical, and artistic works /
_cby Ralph S. Brown and Robert C. Denicola.
250 _a6th ed.
260 _aWestbury, N.Y. :
_bFoundation Press,
_c1995.
300 _axxxi, 804 pages. :
_bill. ;
_c26 cm.
440 0 _aUniversity casebook series
500 _aAccompanied by: 1995 Statutory supplement (v, 285 p. ; 26 cm); 1996 Statutory and case supplement (vii, 338 p. ; 26 cm.).
650 0 _aCopyright
_zUnited States
_xCases.
650 0 _aCompetition, Unfair
_zUnited States
_xCases.
700 1 _aDenicola, Robert C.,
_d1949-
942 _2lcc
_cBK
_n0
999 _c430
_d430